ARRUPE JESUIT UNIVERSITY

CORONAVIRUS -STOP THE SPREAD - CLEAN,DISINFECT,COVER

African dances of Northern Rhodesia. (Record no. 65868)

MARC details
000 -LEADER
fixed length control field 00707cam a22002051 4500
001 - CONTROL NUMBER
control field 3111385
003 - CONTROL NUMBER IDENTIFIER
control field ARRUPE
005 - DATE AND TIME OF LATEST TRANSACTION
control field 20170926114227.0
008 - FIXED-LENGTH DATA ELEMENTS--GENERAL INFORMATION
fixed length control field 781003s1948 za a 000 0 eng
010 ## - LIBRARY OF CONGRESS CONTROL NUMBER
LC control number 58033726
040 ## - CATALOGING SOURCE
Original cataloging agency DLC
Transcribing agency DLC
Modifying agency DLC
050 00 - LIBRARY OF CONGRESS CALL NUMBER
Classification number GV1708.R5
Item number B7
300 ## - PHYSICAL DESCRIPTION
Other physical details illus .
Dimensions 22 cm.
100 1# - MAIN ENTRY--PERSONAL NAME
Personal name Brelsford, William Vernon.
9 (RLIN) 12654
245 10 - TITLE STATEMENT
Title African dances of Northern Rhodesia.
260 ## - PUBLICATION, DISTRIBUTION, ETC. (IMPRINT)
Place of publication, distribution, etc Livingstone,
Name of publisher, distributor, etc Northern Rhodesia, Rhodes-Livingstone Museum,
Date of publication, distribution, etc 1948.
300 ## - PHYSICAL DESCRIPTION
Extent 26 p.
490 0# - SERIES STATEMENT
Series statement The Occasional papers of the Rhodes-Livingstone Museum, new ser., no. 2
650 #0 - SUBJECT ADDED ENTRY--TOPICAL TERM
Topical term or geographic name as entry element Folk dancing
Geographic subdivision Zambia.
9 (RLIN) 36204
906 ## - LOCAL DATA ELEMENT F, LDF (RLIN)
a 7
b cbc
c orignew
d u
e ocip
f 19
g y-gencatlg
942 ## - ADDED ENTRY ELEMENTS (KOHA)
Source of classification or shelving scheme Library of Congress Classification
Koha item type Monograph ( Printed materials)
Holdings
Withdrawn status Lost status Source of classification or shelving scheme Damaged status Not for loan Collection code Home library Current library Date acquired Total Checkouts Full call number Barcode Date last seen Copy number Price effective from Koha item type
    Library of Congress Classification     Main Collection ARRUPE LIBRARY ARRUPE LIBRARY 05/03/2013   SPC GV1708.R5B7 1959 46004004538 10/04/2018 1 05/03/2013 Monograph ( Printed materials)
    Library of Congress Classification       ARRUPE LIBRARY ARRUPE LIBRARY 14/11/2014   SPC GV1708.R5B7 1959 46500003627 14/11/2014   14/11/2014 Monograph ( Printed materials)

 

Arrupe Library. PO Box MP320 Mt Pleasant, Harare, Zimbabwe
263 242 745411|librarian@aju.ac.zw